| 000 | 00504nam a2200169 i 4500 | ||
|---|---|---|---|
| 001 | 149289 | ||
| 003 | ES-MaACL | ||
| 005 | 20230906203028.0 | ||
| 007 | t| | ||
| 008 | 071019s1942 sp ||||1| spa d | ||
| 100 | 1 |
_aVegecio. _9113650 |
|
| 245 | 1 | 0 |
_aAdagios militares / _cde Vegecio ; recopilados por E. R. P. (Eduardo Robles Pérez). |
| 260 |
_aMadrid : _bGran Capitán, _c1942. |
||
| 300 |
_a63 p. ; _c13 cm. |
||
| 700 | 1 |
_aRobles Pérez, Eduardo. _997950 |
|
| 852 |
_aES-MaACL _j1829-F-13 _bR.19495 |
||
| 999 |
_c149289 _d149289 |
||